00930 a2200205 4500003000500000005001700005010001600022020001500038040000900053082002100062100002000083245009500103260003500198300006100233440004500294505030100339650002700640700002800667740002900695Nust20221019181424.0 a 87027609 a0824778324 cNust00a620.00151535,WHA aJohn R. Brauer.00aWhat every engineer should know about finite element analysis /cedited by John R. Brauer. aNew York :bM. Dekker,cc1988. aix, 219 p., 2 p. of plates :bill. (some col.) ;c24 cm. 0aWhat every engineer should know ;vv. 23 aHistory And Development (Page-1), Basic Finite Element Concepts (Page-7), Structural Analysis (Page-19), Thermal Analysis (Page-85), Electromagnetic Analysis (Page-113), Fluid Analysis (Page-177), Hardware-Software Considerations (Page-197), Professional Practice And Future Potential (Page-207). 0aFinite element method.1 aBrauer, John R.,d1943-0 aFinite element analysis.